[Event "Tamil Nadu IM 20th"]
[Site "Coimbatore"]
[Date "2024.03.02"]
[Round "7"]
[White "Jeet, Jain"]
[Black "Aakash, G2."]
[Result "1/2-1/2"]
[WhiteElo "2320"]
[BlackElo "2117"]
[PlyCount "67"]
[EventDate "2024.02.27"]
[EventType "tourn"]
[EventRounds "9"]
[EventCountry "IND"]
[SourceTitle "CB10_2024"]
[SourceDate "2024.03.06"]
[SourceVersion "1"]
[SourceVersionDate "2024.03.06"]
[SourceQuality "1"]

1. c4 e6 2. Nf3 d5 3. e3 Nf6 4. Nc3 c5 5. cxd5 exd5 6. d4 Nc6 7. Bb5 Bd6 8. 0-0 0-0 9. dxc5 Bxc5 10. b3 Bg4 11. Bb2 Re8 12. Rc1 Bd6 13. h3 Bh5 14. Be2 a6 15. Nd4 Bg6 16. Nxc6 bxc6 17. Na4 Re6 18. Nc5 Bxc5 19. Rxc5 Ne4 20. Rc1 Bf5 21. Qd4 Qf8 22. Bg4 Bxg4 23. hxg4 Rd8 24. f3 c5 25. Qd3 Ng3 26. Rfe1 Qe7 27. Qc3 d4 28. Qxc5 Qh4 29. Bxd4 Qh1+ 30. Kf2 Qh4 31. Kg1 Qh1+ 32. Kf2 Qh4 33. Kg1 Qh1+ 34. Kf2 1/2-1/2

[Event "Tamil Nadu IM 20th"]
[Site "Coimbatore"]
[Date "2024.03.01"]
[Round "6"]
[White "Buscara, Sevan"]
[Black "Jeet, Jain"]
[Result "0-1"]
[WhiteElo "2256"]
[BlackElo "2320"]
[PlyCount "69"]
[EventDate "2024.02.27"]
[EventType "tourn"]
[EventRounds "9"]
[EventCountry "IND"]
[SourceTitle "CB10_2024"]
[SourceDate "2024.03.06"]
[SourceVersion "1"]
[SourceVersionDate "2024.03.06"]
[SourceQuality "1"]

1. d4 d5 2. c4 e6 3. Nc3 Be7 4. cxd5 exd5 5. Bf4 Nf6 6. e3 Bf5 7. Be2 c6 8. g4 Be6 9. f3 Qb6 10. Qd2 Nbd7 11. h4 Nf8 12. Nh3 Bc8 13. Bg3 Ne6 14. Rc1 Qd8 15. Bf2 Bb4 16. a3 Ba5 17. Kf1 0-0 18. Ng5 Ne8 19. Qc2 f5 20. Bd3 Nxg5 21. hxg5 Qxg5 22. Rh5 Qe7 23. Kg2 Bxc3 24. bxc3 g6 25. Rh6 fxg4 26. Rch1 gxf3+ 27. Kf1 Bf5 28. Rxh7 Qxh7 29. Rxh7 Kxh7 30. Bg3 Bxd3+ 31. Qxd3 Nf6 32. Bf4 Ne4 33. Qc2 Rf5 34. c4 Rh5 35. Ke1 0-1

[Event "Titled Tuesday intern op 19th Sep Early"]
[Site "Chess.com INT"]
[Date "2023.09.19"]
[Round "2"]
[White "Mekhitarian, Krikor Sevag"]
[Black "Jeet, Jain"]
[Result "1-0"]
[WhiteElo "2543"]
[BlackElo "2320"]
[PlyCount "79"]
[EventDate "2023.09.19"]
[EventType "swiss (blitz)"]
[EventRounds "11"]
[EventCountry "USA"]
[SourceTitle "EXT 2024"]
[Source "ChessBase"]
[SourceDate "2023.10.10"]
[SourceVersion "1"]
[SourceVersionDate "2023.10.10"]
[SourceQuality "1"]

1. Nf3 Nf6 2. c4 c5 3. Nc3 Nc6 4. d4 cxd4 5. Nxd4 g6 6. e4 Bg7 7. Be3 d6 8. Be2 0-0 9. Nc2 Be6 10. 0-0 Rc8 11. Qd2 Ne5 12. b3 a6 13. h3 Nc6 14. Rad1 Qa5 15. f3 Nh5 16. Nd5 Qxd2 17. Rxd2 Ng3 18. Rfd1 Nxe2+ 19. Rxe2 Bxd5 20. exd5 Nb8 21. Ba7 Rfe8 22. Nb4 Nd7 23. Bd4 a5 24. Bxg7 Kxg7 25. Nc2 Rc5 26. Nd4 a4 27. Rde1 Kf8 28. f4 axb3 29. axb3 Ra5 30. Nb5 Rxb5 31. cxb5 Nf6 32. Ra2 Nxd5 33. Ra7 Rb8 34. Rc1 Ke8 35. g3 Kd7 36. Kf2 f5 37. Kf3 Nf6 38. Rca1 Ne4 39. Ra8 Kc7 40. b6+ 1-0

[Event "Titled Tuesday intern op 19th Sep Early"]
[Site "Chess.com INT"]
[Date "2023.09.19"]
[Round "4"]
[White "Yuruultei, Batbaatar"]
[Black "Jeet, Jain"]
[Result "0-1"]
[WhiteElo "1433"]
[BlackElo "2320"]
[PlyCount "78"]
[EventDate "2023.09.19"]
[EventType "swiss (blitz)"]
[EventRounds "11"]
[EventCountry "USA"]
[SourceTitle "EXT 2024"]
[Source "ChessBase"]
[SourceDate "2023.10.10"]
[SourceVersion "1"]
[SourceVersionDate "2023.10.10"]
[SourceQuality "1"]

1. d4 c6 2. c4 d5 3. Nf3 Nf6 4. Qc2 e6 5. g3 g6 6. Bg2 Bg7 7. 0-0 0-0 8. Nbd2 a6 9. Rd1 Nbd7 10. e4 dxc4 11. Nxc4 a5 12. Bg5 Qc7 13. Bf4 Qd8 14. Bg5 h6 15. Bf4 Ne8 16. Bd6 Nxd6 17. Nxd6 Nf6 18. e5 Nd5 19. Nd2 Rb8 20. Bxd5 exd5 21. Nb3 Bg4 22. Re1 f6 23. Nc5 f5 24. Ne6 Qd7 25. Nxf8 Rxf8 26. Qb3 Rb8 27. Qb6 f4 28. Qxa5 f3 29. Qa3 Rf8 30. Qd3 Bh5 31. b4 Rf4 32. b5 Rxd4 33. Qf1 c5 34. Rac1 b6 35. a4 Rxa4 36. Qd3 Rh4 37. Qxd5+ Kh7 38. Qd3 Qh3 39. Qxg6+ Bxg6 0-1

[Event "Titled Tuesday intern op 12th Sep Early"]
[Site "Chess.com INT"]
[Date "2023.09.12"]
[Round "2"]
[White "Baskakov, Egor"]
[Black "Jeet, Jain"]
[Result "0-1"]
[WhiteElo "2228"]
[BlackElo "2320"]
[PlyCount "92"]
[EventDate "2023.09.12"]
[EventType "swiss (blitz)"]
[EventRounds "11"]
[EventCountry "USA"]
[SourceTitle "EXT 2024"]
[Source "ChessBase"]
[SourceDate "2023.10.10"]
[SourceVersion "1"]
[SourceVersionDate "2023.10.10"]
[SourceQuality "1"]

1. e4 Nf6 2. Nc3 d5 3. exd5 Nxd5 4. g3 Nxc3 5. bxc3 e5 6. Bg2 Nc6 7. d3 Bc5 8. Ne2 0-0 9. 0-0 Bg4 10. h3 Be6 11. c4 Qd7 12. Kh2 f5 13. Be3 Bxe3 14. fxe3 Rae8 15. Nc3 f4 16. exf4 exf4 17. gxf4 Qd4 18. Ne4 Ne7 19. Rb1 Nf5 20. c3 Qd8 21. Qd2 Nh4 22. Rbd1 Nxg2 23. Qxg2 Qh4 24. Qg3 Qh5 25. Rde1 Bf5 26. Qf3 Qh6 27. Ng5 c6 28. d4 Rxe1 29. Rxe1 Qd6 30. c5 Qc7 31. Re5 h6 32. Ne4 Qf7 33. Nd6 Qxa2+ 34. Kg3 Be6 35. Re2 Qb3 36. f5 Bd5 37. Qe3 b5 38. Kh4 Qd1 39. Rf2 Qg1 40. Re2 Qh1 41. Rf2 a5 42. f6 g5+ 43. Kh5 g4 44. h4 g3 45. Qxh6 Bf3+ 46. Kg5 Qc1+ 0-1

[Event "Titled Tuesday intern op 05th Sep Early"]
[Site "Chess.com INT"]
[Date "2023.09.05"]
[Round "2"]
[White "Jeet, Jain"]
[Black "Bharath, Subramaniyam H"]
[Result "0-1"]
[WhiteElo "2320"]
[BlackElo "2496"]
[PlyCount "76"]
[EventDate "2023.09.05"]
[EventType "swiss (blitz)"]
[EventRounds "11"]
[EventCountry "USA"]
[SourceTitle "EXT 2024"]
[Source "ChessBase"]
[SourceDate "2023.10.10"]
[SourceVersion "1"]
[SourceVersionDate "2023.10.10"]
[SourceQuality "1"]

1. Nf3 d5 2. g3 Nc6 3. d4 Bf5 4. Bg2 Nb4 5. Na3 e6 6. 0-0 Nf6 7. c3 Nc6 8. Nb1 Bd6 9. Bf4 0-0 10. Bxd6 cxd6 11. Nbd2 h6 12. Re1 a5 13. a4 e5 14. e3 Bd3 15. h3 Qc7 16. Qb3 e4 17. Nh2 b5 18. Bf1 Bc4 19. Qc2 Bxf1 20. Nhxf1 Nb4 21. Qb3 Nd3 22. Reb1 Qd7 23. Kg2 bxa4 24. Qxa4 Qf5 25. f4 exf3+ 26. Nxf3 Ne4 27. N1h2 Qg6 28. g4 f5 29. Qc2 fxg4 30. hxg4 Ng5 31. Qb3 Nxf3 32. Qxd5+ Kh8 33. Nxf3 Qxg4+ 34. Kh2 Rxf3 35. Qxa8+ Kh7 36. Qxf3 Qxf3 37. Rxa5 Nf2 38. b4 Ng4+ 0-1

[Event "Titled Tuesday intern op 29th Aug Late"]
[Site "Chess.com INT"]
[Date "2023.08.29"]
[Round "4"]
[White "Hakobyan, Aram"]
[Black "Jeet, Jain"]
[Result "1-0"]
[WhiteElo "2612"]
[BlackElo "2320"]
[PlyCount "59"]
[EventDate "2023.08.29"]
[EventType "swiss (blitz)"]
[EventRounds "11"]
[EventCountry "USA"]
[SourceTitle "EXT 2024"]
[Source "ChessBase"]
[SourceDate "2023.10.10"]
[SourceVersion "1"]
[SourceVersionDate "2023.10.10"]
[SourceQuality "1"]

1. d4 c5 2. d5 e5 3. Nc3 d6 4. e4 Be7 5. Bb5+ Kf8 6. a4 Bg5 7. Nge2 Bxc1 8. Rxc1 h5 9. 0-0 Nd7 10. f4 exf4 11. Nxf4 Ne5 12. Ne6+ Bxe6 13. dxe6 f6 14. Nd5 Ne7 15. Qd2 a6 16. Be2 Nxd5 17. exd5 Ke7 18. Kh1 h4 19. h3 Qb6 20. a5 Qb4 21. c3 Qxa5 22. b4 Qc7 23. bxc5 Qxc5 24. c4 Rac8 25. Rb1 Rc7 26. Qf4 Nxc4 27. Bxc4 Qxc4 28. Rbc1 Qxf4 29. Rxc7+ Kd8 30. Rd7+ 1-0

[Event "Titled Tuesday intern op 29th Aug Late"]
[Site "Chess.com INT"]
[Date "2023.08.29"]
[Round "1"]
[White "Jeet, Jain"]
[Black "Gerbelli Neto, Eduardo"]
[Result "1-0"]
[WhiteElo "2320"]
[BlackElo "2114"]
[PlyCount "69"]
[EventDate "2023.08.29"]
[EventType "swiss (blitz)"]
[EventRounds "11"]
[EventCountry "USA"]
[SourceTitle "EXT 2024"]
[Source "ChessBase"]
[SourceDate "2023.10.10"]
[SourceVersion "1"]
[SourceVersionDate "2023.10.10"]
[SourceQuality "1"]

1. d4 d5 2. Nf3 Nf6 3. Bf4 Bf5 4. e3 e6 5. c3 c6 6. Nh4 Be4 7. f3 Bg6 8. Nxg6 hxg6 9. h3 Bd6 10. Bxd6 Qxd6 11. Kf2 Nbd7 12. Nd2 Nh5 13. f4 Nhf6 14. Bd3 0-0-0 15. a4 c5 16. a5 a6 17. Qf3 Kb8 18. Rhb1 cxd4 19. cxd4 Qb4 20. Qd1 Rc8 21. Ra4 Qd6 22. b4 Rc3 23. Qe2 Rhc8 24. b5 axb5 25. Rab4 Rc1 26. R1b2 g5 27. Rxb5 R8c7 28. fxg5 Ne8 29. a6 Qh2 30. Rxb7+ Rxb7 31. Rxb7+ Kc8 32. Nf3 Qd6 33. Qb2 Qc6 34. Rxd7 Qxd7 35. Qxc1+ 1-0

[Event "Titled Tuesday intern op 08th Aug Early"]
[Site "Chess.com INT"]
[Date "2023.08.08"]
[Round "6"]
[White "Jeet, Jain"]
[Black "Domingo Nunez, Alejandro"]
[Result "0-1"]
[WhiteElo "2320"]
[BlackElo "2323"]
[PlyCount "76"]
[EventDate "2023.08.08"]
[EventType "swiss (blitz)"]
[EventRounds "11"]
[EventCountry "USA"]
[SourceTitle "EXT 2024"]
[Source "ChessBase"]
[SourceDate "2023.10.10"]
[SourceVersion "1"]
[SourceVersionDate "2023.10.10"]
[SourceQuality "1"]

1. d4 g6 2. Nf3 Bg7 3. e3 Nf6 4. b3 0-0 5. Bb2 d6 6. Bd3 Nbd7 7. 0-0 e5 8. Nbd2 Re8 9. Be2 e4 10. Ne1 h5 11. c4 Nf8 12. b4 N8h7 13. d5 Bf5 14. Nc2 h4 15. Nd4 Bd7 16. h3 Ng5 17. a4 Qc8 18. Re1 a5 19. b5 Qd8 20. Bf1 Qe7 21. Rc1 Nh5 22. Be2 Nf6 23. Qc2 Nfh7 24. Bf1 Nf6 25. f4 exf3 26. N2xf3 Nxf3+ 27. Nxf3 Bf5 28. Bd3 Ne4 29. Bxg7 Kxg7 30. Nd4 Bd7 31. Rf1 Ng3 32. Rf3 Qg5 33. Re1 Re7 34. Kh2 Rae8 35. Qd2 Qe5 36. Kg1 Qxd4 37. exd4 Rxe1+ 38. Kf2 Nh1# 0-1

[Event "Titled Tuesday intern op 08th Aug Early"]
[Site "Chess.com INT"]
[Date "2023.08.08"]
[Round "4"]
[White "Jeet, Jain"]
[Black "Iljin, Timofey"]
[Result "1-0"]
[WhiteElo "2320"]
[BlackElo "2322"]
[PlyCount "113"]
[EventDate "2023.08.08"]
[EventType "swiss (blitz)"]
[EventRounds "11"]
[EventCountry "USA"]
[SourceTitle "EXT 2024"]
[Source "ChessBase"]
[SourceDate "2023.10.10"]
[SourceVersion "1"]
[SourceVersionDate "2023.10.10"]
[SourceQuality "1"]

1. d4 f5 2. c4 Nf6 3. Nc3 g6 4. g3 Bg7 5. Bg2 0-0 6. Nf3 d6 7. 0-0 Qe8 8. d5 Na6 9. Qc2 Bd7 10. a3 Nc5 11. b4 Na4 12. Nxa4 Bxa4 13. Qa2 Bd7 14. Bb2 h6 15. Nd4 g5 16. e3 Qh5 17. Ne6 Bxe6 18. dxe6 c6 19. h3 Ne8 20. b5 f4 21. exf4 gxf4 22. g4 Qh4 23. f3 c5 24. Rae1 Bxb2 25. Qxb2 Qf6 26. Qc2 Ng7 27. Qe4 b6 28. Re2 Rac8 29. Rfe1 h5 30. Rf1 hxg4 31. fxg4 Qg5 32. Ref2 Rf6 33. Rxf4 Rcf8 34. Rxf6 Rxf6 35. Rxf6 Qxf6 36. Qe3 Kh7 37. Bd5 Qa1+ 38. Kg2 Qb2+ 39. Kg3 Qf6 40. h4 Ne8 41. g5 Qg7 42. Be4+ Kh8 43. Qf4 Kg8 44. h5 Nf6 45. Kh4 Nxe4 46. Qxe4 Qb2 47. Qg6+ Kh8 48. Qe8+ Kh7 49. Qxe7+ Kh8 50. Qf6+ Qxf6 51. gxf6 Kg8 52. Kg5 a6 53. bxa6 b5 54. a7 Kh7 55. a8Q bxc4 56. f7 c3 57. Qg8# 1-0

[Event "Titled Tuesday intern op 08th Aug Early"]
[Site "Chess.com INT"]
[Date "2023.08.08"]
[Round "7"]
[White "Kuznetsov, Mikhail V"]
[Black "Jeet, Jain"]
[Result "0-1"]
[WhiteElo "2246"]
[BlackElo "2320"]
[PlyCount "120"]
[EventDate "2023.08.08"]
[EventType "swiss (blitz)"]
[EventRounds "11"]
[EventCountry "USA"]
[SourceTitle "EXT 2024"]
[Source "ChessBase"]
[SourceDate "2023.10.10"]
[SourceVersion "1"]
[SourceVersionDate "2023.10.10"]
[SourceQuality "1"]

1. Nf3 c5 2. g3 Nc6 3. d4 cxd4 4. Nxd4 g6 5. Bg2 Bg7 6. Nb3 Nf6 7. 0-0 d5 8. c4 dxc4 9. Bxc6+ bxc6 10. Qxd8+ Kxd8 11. Na5 Bd7 12. Nxc4 Nd5 13. Nbd2 Nb6 14. Na5 Kc7 15. Ndb3 Rhd8 16. Bf4+ e5 17. Be3 Nd5 18. Nc4 Nxe3 19. Nxe3 Be6 20. Nc5 Rd2 21. Nxe6+ fxe6 22. Nc4 Rxe2 23. Rfe1 Rxe1+ 24. Rxe1 Rb8 25. b3 Rb5 26. f3 Rd5 27. Kf2 Kd7 28. h4 h5 29. Re2 Ke7 30. Rd2 Kf6 31. Re2 Bf8 32. Ke1 Bb4+ 33. Kf1 Rd1+ 34. Kg2 Bc3 35. Ne3 Ra1 36. g4 Bd4 37. Nc4 hxg4 38. fxg4 Rg1+ 39. Kf3 Rh1 40. Kg2 Rxh4 41. Kg3 Rh1 42. Nd6 Rg1+ 43. Kf3 Rf1+ 44. Kg2 Rb1 45. Ne4+ Ke7 46. Kf3 a5 47. Kg2 c5 48. Rc2 Rg1+ 49. Kh3 Ra1 50. Kg3 Kd7 51. Nf6+ Kc6 52. Ne4 Re1 53. Ng5 Kd5 54. Nf3 Re3 55. Kg2 e4 56. Nd2 Re2+ 57. Kf1 Rf2+ 58. Ke1 e3 59. Nc4 Rxc2 60. Nb6+ Ke4 0-1

[Event "Pardubice Czech op-A 34th"]
[Site "Pardubice"]
[Date "2023.07.29"]
[Round "9"]
[White "Makhnev, Denis"]
[Black "Jeet, Jain"]
[Result "1-0"]
[WhiteElo "2454"]
[BlackElo "2225"]
[PlyCount "101"]
[EventDate "2023.07.21"]
[EventType "swiss"]
[EventRounds "9"]
[EventCountry "CZE"]
[SourceTitle "CBM 215 Extra"]
[Source "ChessBase"]
[SourceDate "2023.09.30"]
[SourceVersion "1"]
[SourceVersionDate "2023.09.30"]
[SourceQuality "1"]

1. e4 c5 2. Nf3 d6 3. Bb5+ Bd7 4. Bxd7+ Nxd7 5. 0-0 Ngf6 6. Qe2 e6 7. c3 Be7 8. d4 0-0 9. e5 Ne8 10. Bf4 Rc8 11. Rd1 cxd4 12. cxd4 Nb6 13. Nc3 Nc7 14. Ne4 Ncd5 15. Bg3 dxe5 16. dxe5 Na4 17. Rd4 Nc5 18. Nd6 Bxd6 19. exd6 Qa5 20. Qd1 Nd7 21. Ne5 N5b6 22. a4 Nxe5 23. b4 Qa6 24. b5 Qa5 25. Bxe5 Nd7 26. Bf4 e5 27. Bd2 Qd8 28. Rd5 Nb6 29. Ba5 Qd7 30. Bxb6 axb6 31. Rxe5 Rcd8 32. Rd5 Rfe8 33. h3 Re6 34. Rc1 Rg6 35. Qd3 h6 36. Rd1 Ra8 37. Rd4 Re8 38. Kh2 Ree6 39. Rd5 Ref6 40. Qd4 Kh7 41. Rd2 Re6 42. Qxb6 Re1 43. Qd4 Rge6 44. Qd3+ g6 45. Rc5 Rf6 46. Qd4 Ree6 47. Rd5 h5 48. a5 Kg7 49. Rd3 Kh7 50. a6 bxa6 51. bxa6 1-0

[Event "Pardubice Czech op-A 34th"]
[Site "Pardubice"]
[Date "2023.07.28"]
[Round "8"]
[White "Jeet, Jain"]
[Black "Baum, Jonasz"]
[Result "1/2-1/2"]
[WhiteElo "2225"]
[BlackElo "2420"]
[PlyCount "30"]
[EventDate "2023.07.21"]
[EventType "swiss"]
[EventRounds "9"]
[EventCountry "CZE"]
[SourceTitle "CBM 215 Extra"]
[Source "ChessBase"]
[SourceDate "2023.09.30"]
[SourceVersion "1"]
[SourceVersionDate "2023.09.30"]
[SourceQuality "1"]

1. e4 c5 2. c3 Nf6 3. e5 Nd5 4. Nf3 d6 5. Bb5+ Bd7 6. Bc4 e6 7. d4 dxe5 8. Nxe5 Nc6 9. Nxd7 Qxd7 10. dxc5 Bxc5 11. Qe2 Rd8 12. 0-0 0-0 13. Nd2 Qc7 14. Nf3 Be7 15. Bb3 Bf6 1/2-1/2

[Event "Pardubice Czech op-A 34th"]
[Site "Pardubice"]
[Date "2023.07.25"]
[Round "5"]
[White "Audi, Ameya"]
[Black "Jeet, Jain"]
[Result "1/2-1/2"]
[WhiteElo "2391"]
[BlackElo "2225"]
[PlyCount "126"]
[EventDate "2023.07.21"]
[EventType "swiss"]
[EventRounds "9"]
[EventCountry "CZE"]
[SourceTitle "CBM 215 Extra"]
[Source "ChessBase"]
[SourceDate "2023.09.30"]
[SourceVersion "1"]
[SourceVersionDate "2023.09.30"]
[SourceQuality "1"]

1. c4 e6 2. g3 d5 3. Bg2 Nf6 4. Nf3 dxc4 5. Qa4+ Nbd7 6. Qxc4 a6 7. Qc2 c5 8. Nc3 Rb8 9. d4 cxd4 10. Nxd4 e5 11. Nf5 g6 12. Nh6 Bxh6 13. Bxh6 Ng4 14. Bd2 Ngf6 15. 0-0-0 b5 16. Bg5 Qc7 17. Nd5 Nxd5 18. Bxd5 Qxc2+ 19. Kxc2 f6 20. Be3 Nb6 21. Bc6+ Kf7 22. b3 Be6 23. Kb2 Nc8 24. Bg2 Ne7 25. Rd6 a5 26. Rc1 Rhd8 27. Ra6 a4 28. Rc7 Rd7 29. Rxd7 Bxd7 30. Ra7 Ke8 31. Bc5 axb3 32. axb3 Rc8 33. b4 Nc6 34. Rb7 Nd8 35. Ra7 Ne6 36. Bb7 Rc7 37. Ra8+ Nd8 38. Bd5 Rc8 39. Ra7 Nc6 40. Rb7 f5 41. Bg8 Rb8 42. Rxb8+ Nxb8 43. h4 h5 44. Kc3 Nc6 45. Kd3 Nd8 46. Bd5 Be6 47. Ba8 Kd7 48. e4 Nc6 49. Ke3 Kc7 50. f4 exf4+ 51. Kxf4 fxe4 52. Kxe4 Bh3 53. Kf4 Bg2 54. Kg5 Be4 55. Ba7 Kc8 56. g4 hxg4 57. Bxc6 Bxc6 58. Kxg6 Be4+ 59. Kg5 Kd7 60. Kxg4 Ke8 61. Kg5 Kf7 62. h5 Kg8 63. h6 Kh7 1/2-1/2

[Event "Piestany op-A"]
[Site "Piestany"]
[Date "2023.07.18"]
[Round "8"]
[White "Colbow, Collin"]
[Black "Jeet, Jain"]
[Result "1/2-1/2"]
[WhiteElo "2429"]
[BlackElo "2225"]
[PlyCount "83"]
[EventDate "2023.07.11"]
[EventType "swiss"]
[EventRounds "9"]
[EventCountry "SVK"]
[SourceTitle "EXT 2024"]
[Source "ChessBase"]
[SourceDate "2023.10.10"]
[SourceVersion "1"]
[SourceVersionDate "2023.10.10"]
[SourceQuality "1"]

1. Nf3 d5 2. e3 Nf6 3. c4 e6 4. Nc3 b6 5. cxd5 exd5 6. g3 Bb7 7. Bg2 Be7 8. 0-0 0-0 9. b3 Ne4 10. Bb2 Nd7 11. Rc1 a5 12. Qc2 Nxc3 13. Qxc3 Bf6 14. d4 c6 15. Ne5 Nxe5 16. dxe5 Be7 17. f4 f5 18. g4 fxg4 19. f5 Bg5 20. f6 Qd7 21. Rcd1 Qe6 22. e4 Rad8 23. exd5 cxd5 24. Qc7 Rd7 25. Qxb7 Rxb7 26. Bxd5 Qxd5 27. Rxd5 gxf6 28. exf6 h6 29. Bd4 Kf7 30. Kg2 Re8 31. Kg3 Re2 32. Rf2 Rxf2 33. Kxf2 Bf4 34. Rd8 Bxh2 35. Rh8 Rd7 36. Rh7+ Ke6 37. Rxd7 Kxd7 38. Bxb6 h5 39. f7 Ke7 40. Bxa5 Kxf7 41. Bd8 Ke8 42. Bh4 1/2-1/2

[Event "Titled Tuesday intern op 18th Jul Early"]
[Site "Chess.com INT"]
[Date "2023.07.18"]
[Round "6"]
[White "Jeet, Jain"]
[Black "Marosi, Levente"]
[Result "0-1"]
[WhiteElo "2225"]
[BlackElo "2289"]
[PlyCount "62"]
[EventDate "2023.07.18"]
[EventType "swiss (blitz)"]
[EventRounds "11"]
[EventCountry "USA"]
[SourceTitle "EXT 2024"]
[Source "ChessBase"]
[SourceDate "2023.10.10"]
[SourceVersion "1"]
[SourceVersionDate "2023.10.10"]
[SourceQuality "1"]

1. d4 Nf6 2. Nf3 g6 3. Bf4 Bg7 4. e3 0-0 5. h3 d6 6. Nbd2 c5 7. c3 b6 8. Be2 Bb7 9. 0-0 Nbd7 10. Bh2 a6 11. a4 Rc8 12. b4 cxb4 13. cxb4 Rc7 14. Rc1 Rxc1 15. Qxc1 Qa8 16. Qb2 Rc8 17. Rc1 Ne4 18. Rxc8+ Qxc8 19. Nxe4 Bxe4 20. Nd2 Bb7 21. Bc4 Nf6 22. Qb3 e6 23. Bxd6 Qc6 24. f3 Qxd6 25. Qc3 Bf8 26. b5 axb5 27. Bxb5 Nd5 28. Qd3 Qg3 29. Nf1 Qe1 30. Qe4 Bh6 31. f4 Bxf4 0-1

[Event "Titled Tuesday intern op 18th Jul Early"]
[Site "Chess.com INT"]
[Date "2023.07.18"]
[Round "1"]
[White "Ziatdinov, Raset"]
[Black "Jeet, Jain"]
[Result "0-1"]
[WhiteElo "2081"]
[BlackElo "2225"]
[PlyCount "80"]
[EventDate "2023.07.18"]
[EventType "swiss (blitz)"]
[EventRounds "11"]
[EventCountry "USA"]
[SourceTitle "EXT 2024"]
[Source "ChessBase"]
[SourceDate "2023.10.10"]
[SourceVersion "1"]
[SourceVersionDate "2023.10.10"]
[SourceQuality "1"]

1. e4 c6 2. d4 d5 3. Nc3 dxe4 4. Nxe4 Nf6 5. Nxf6+ gxf6 6. c3 Rg8 7. Nf3 Bg4 8. h3 Bh5 9. Bf4 e6 10. g4 Bg6 11. Nh4 Bd6 12. Nxg6 hxg6 13. Qd2 f5 14. 0-0-0 Qc7 15. Be5 Nd7 16. f4 Bxe5 17. fxe5 0-0-0 18. Qf4 Qa5 19. Kb1 Nxe5 20. Be2 Nd7 21. h4 Nb6 22. Bf3 Nc4 23. h5 Qb5 24. Qc1 fxg4 25. Bxg4 gxh5 26. Bxh5 Rg2 27. b3 Qa5 28. a4 Rb2+ 29. Qxb2 Nxb2 30. Kxb2 f5 31. Bf7 Qd5 32. Rde1 Qg2+ 33. Ka3 Qf3 34. Bxe6+ Kb8 35. Rh7 Qxc3 36. Rg1 Qxd4 37. Rgg7 Qc5+ 38. Kb2 Rd2+ 39. Kb1 Qc2+ 40. Ka1 Qc1# 0-1

[Event "Piestany op-A"]
[Site "Piestany"]
[Date "2023.07.17"]
[Round "7"]
[White "Jeet, Jain"]
[Black "Arvind, Ramnath Iyer"]
[Result "1-0"]
[WhiteElo "2225"]
[BlackElo "1923"]
[PlyCount "61"]
[EventDate "2023.07.11"]
[EventType "swiss"]
[EventRounds "9"]
[EventCountry "SVK"]
[SourceTitle "EXT 2024"]
[Source "ChessBase"]
[SourceDate "2023.10.10"]
[SourceVersion "1"]
[SourceVersionDate "2023.10.10"]
[SourceQuality "1"]

1. d4 Nf6 2. c4 e6 3. Nf3 d5 4. Nc3 Be7 5. Bg5 0-0 6. e3 Nbd7 7. Rc1 c6 8. cxd5 exd5 9. Bd3 Re8 10. 0-0 Ne4 11. Bf4 f5 12. Nxd5 Bd6 13. Qb3 Kh8 14. Bxe4 Bxf4 15. Bxf5 cxd5 16. exf4 Nb6 17. Bxc8 Rxc8 18. Ne5 Qf6 19. g3 Qf5 20. Rfe1 h5 21. a4 Nc4 22. Qxb7 Nxe5 23. dxe5 Rb8 24. Qxd5 Rxb2 25. Rc7 Re6 26. Rc6 Rg6 27. Rxg6 Qxg6 28. e6 Qc2 29. Qxh5+ Kg8 30. Qf3 Qd2 31. Re5 1-0

[Event "Piestany op-A"]
[Site "Piestany"]
[Date "2023.07.13"]
[Round "3"]
[White "Jeet, Jain"]
[Black "Rounaiv, Rana"]
[Result "1-0"]
[WhiteElo "2225"]
[BlackElo "2102"]
[PlyCount "59"]
[EventDate "2023.07.11"]
[EventType "swiss"]
[EventRounds "9"]
[EventCountry "SVK"]
[SourceTitle "EXT 2024"]
[Source "ChessBase"]
[SourceDate "2023.10.10"]
[SourceVersion "1"]
[SourceVersionDate "2023.10.10"]
[SourceQuality "1"]

1. e4 c5 2. Nf3 e6 3. d4 cxd4 4. Nxd4 Nf6 5. Nc3 Nc6 6. a3 Qa5 7. Nb3 Qc7 8. Be3 a6 9. f4 d6 10. Qf3 b5 11. g4 b4 12. Na4 Bb7 13. Bd3 d5 14. Nac5 d4 15. Bd2 bxa3 16. bxa3 Nd7 17. Nxb7 Qxb7 18. e5 Rc8 19. 0-0 g5 20. Rae1 Bg7 21. fxg5 Ndxe5 22. Rxe5 Bxe5 23. Bxa6 Qxa6 24. Qxf7+ Kd8 25. Nc5 Bxh2+ 26. Kxh2 Qe2+ 27. Kh1 Ne7 28. Ba5+ Rc7 29. Qf8+ Rxf8 30. Rxf8# 1-0

[Event "Piestany op-A"]
[Site "Piestany"]
[Date "2023.07.11"]
[Round "1"]
[White "Jeet, Jain"]
[Black "Psyk, Radoslaw"]
[Result "1/2-1/2"]
[WhiteElo "2225"]
[BlackElo "2442"]
[PlyCount "70"]
[EventDate "2023.07.11"]
[EventType "swiss"]
[EventRounds "9"]
[EventCountry "SVK"]
[SourceTitle "EXT 2024"]
[Source "ChessBase"]
[SourceDate "2023.10.10"]
[SourceVersion "1"]
[SourceVersionDate "2023.10.10"]
[SourceQuality "1"]

1. e4 e6 2. d4 d5 3. Bd3 dxe4 4. Bxe4 Nf6 5. Bf3 c5 6. Ne2 Be7 7. 0-0 0-0 8. c3 Nc6 9. Be3 e5 10. Bxc6 exd4 11. cxd4 bxc6 12. dxc5 Ba6 13. Qxd8 Rfxd8 14. Nbc3 Ng4 15. Bd4 Rab8 16. b3 Rd7 17. Rfe1 Kf8 18. h3 Nh6 19. g4 f5 20. Rad1 Kf7 21. Ng3 fxg4 22. Bxg7 Rxd1 23. Nxd1 Ng8 24. Be5 Rb4 25. Bc3 Rf4 26. Nh5 Rf3 27. hxg4 Bc8 28. Ne3 Bxc5 29. Kg2 Bxg4 30. Nxg4 Rxc3 31. Ne5+ Kf8 32. Nd7+ Kf7 33. Ne5+ Kf8 34. Nd7+ Kf7 35. Ne5+ Kf8 1/2-1/2

[Event "Prague op"]
[Site "Prague"]
[Date "2023.06.23"]
[Round "2"]
[White "Jeet, Jain"]
[Black "Sokolovsky, Yahli"]
[Result "0-1"]
[WhiteElo "2199"]
[BlackElo "2464"]
[PlyCount "110"]
[EventDate "2023.06.22"]
[EventType "swiss"]
[EventRounds "9"]
[EventCountry "CZE"]
[SourceTitle "CBM 215 Extra"]
[Source "ChessBase"]
[SourceDate "2023.09.30"]
[SourceVersion "1"]
[SourceVersionDate "2023.09.30"]
[SourceQuality "1"]

1. e4 e5 2. Nf3 Nc6 3. Bc4 Bc5 4. c3 Nf6 5. d3 a6 6. Nbd2 Ba7 7. Bb3 h6 8. Nc4 d6 9. Be3 b5 10. Bxa7 bxc4 11. Ba4 Bd7 12. Be3 cxd3 13. Qxd3 0-0 14. Qc2 Na5 15. Rd1 Bb5 16. h3 Qe8 17. Bxb5 axb5 18. Nd2 Nc4 19. Nxc4 bxc4 20. a3 Qa4 21. Qxa4 Rxa4 22. f3 Rb8 23. Rd2 Ra5 24. g3 Kf8 25. Rhh2 Ng8 26. h4 h5 27. Rhg2 Nf6 28. Bg5 Nd7 29. Be3 Ke7 30. Bg5+ Ke6 31. Be3 g6 32. g4 hxg4 33. Rxg4 Nf6 34. Rgg2 Rh8 35. Rh2 Raa8 36. Rde2 Rh5 37. Bf2 Rh7 38. Rg2 Kd7 39. Kd1 Nh5 40. Be3 Ng7 41. Rg4 Rah8 42. Rh2 Ne6 43. Kc2 Ra8 44. Rh1 Rh5 45. Ra1 f5 46. Rxg6 fxe4 47. fxe4 Rxh4 48. Rf1 Rxe4 49. Rf7+ Kc6 50. Kd2 Kd5 51. Re7 Rb8 52. Rexe6 Rxb2+ 53. Kc1 Rh2 54. Rh6 Rxe3 55. Rxh2 Rxc3+ 0-1